LEADER 01569nam 2200373Ia 450 001 996384827303316 005 20200824132130.0 035 $a(CKB)4940000000075366 035 $a(EEBO)2240967450 035 $a(OCoLC)ocm12165760e 035 $a(OCoLC)12165760 035 $a(EXLCZ)994940000000075366 100 $a19850617d1644 uy | 101 0 $aeng 135 $aurbn||||a|bb| 200 14$aThe English primrose$b[electronic resource] $efar surpassing al others of this kinde, that ever grew in any English garden, by the ful sight whereof, there wil manifestly appear, the easiest and speediest-way, both for the true spelling and reading of English, as also for the true-writing thereof, that ever was publickly known to this day /$fplanted (with no smal pains) by Richard Hodges, a School-master .. 210 $aLondon $cPrinted for Richard Cotes$d1644 215 $a[112] p 300 $aThe diacritical marks which are on the t.p. have been omitted. 300 $aReproduction of original in Huntington Library. 330 $aeebo-0113 606 $aEnglish language$yEarly modern, 1500-1700$xOrthography and spelling 606 $aEnglish language$yEarly modern, 1500-1700$xPronunciation 615 0$aEnglish language$xOrthography and spelling. 615 0$aEnglish language$xPronunciation. 700 $aHodges$b Richard$cSchool-Master.$0126611 801 0$bEAA 801 1$bEAA 801 2$bm/c 801 2$bWaOLN 906 $aBOOK 912 $a996384827303316 996 $aThe English primrose$92360279 997 $aUNISA